| 000 | 00402nam a2200133Ia 4500 | ||
|---|---|---|---|
| 008 | 220216s9999 xx 000 0 und d | ||
| 100 | _aChouchaoui Ben | ||
| 245 | 0 | _aMonitoring the degradation in shear and bulk moduli of rubber for inclusion in visco-elastic FE models | |
| 260 |
_bRubber World _c2000 |
||
| 300 | _a32-38 | ||
| 650 | _aDegradation | ||
| 650 | _aVisco-elastic FE models | ||
| 942 | _cJS | ||
| 999 |
_c63235 _d63235 |
||